| 000 | 00506nam a22001457a 4500 | ||
|---|---|---|---|
| 008 | 230421b |||||||| |||| 00| 0 eng d | ||
| 040 |
_aNational Science Library _cNational Science Library |
||
| 080 |
_a666.972 _bP7 |
||
| 245 |
_aNational seminar on recent trends in concrete technology, 8 & 9 March, 2007 _c/ Department of Civil Engineering |
||
| 260 |
_aTamil Nadu: _bKongu Engineering College, _c2007 |
||
| 300 | _a106p. | ||
| 650 | _aChemical technology | ||
| 653 | _aPolymer | ||
| 942 |
_2udc _cSEM |
||
| 999 |
_c22243 _d22243 |
||